00852nam a2200253 u 45000010006000000050017000060080041000230200018000640350010000820350021000920400013001130410008001260820008001341000033001422450035001752500017002102600042002273000036002695200161003056500026004666500028004926500028005207000050005483640220260504074945.0960313s1981 spa  a9788430204410 a36402 a(OCoLC)778083919 ccomduadb aspa 4a80810aSintes Pros, Jorge4auteaut10aDiccionario de frases celebres a5. edición aBarcelona :bEditorial Sintes,c1981. a997 páginas :bilustraciones.3 aRESUMEN : "Recoge frases y citas de origen histórico y literario de uso frecuente, indicando su procedencia y la versión del idioma original del autor." aDiccionarios de citas aDiccionarios de maximas 7aPalabras y frases2lemb10aEsteve Minguillón, Enrique León4illeill